| Registos Bibliográficos associados ao registo de autoridade |
|
Etiqueta de registo: 00000nkm 2200025 450 001 2270274 003 http://id.bnportugal.gov.pt/bib/catbnp/2270274 100 ## $a20260223d1982 m y0pory01030103ba 101 0# $apor 102 ## $aPT 200 1# $aFísica, II Torneio Internacional Ginástica Desportiva Juvenil de Torres Vedras (masculina
e feminina), dias 8, 9 e 10 de abril 82$bVisual gráfico]$fA.E.F.D. Torres Vedras 210 #9 $aTorres Vedras$cAssociação de Educação Física e Desportiva de Torres Vedras,$d1982$eTorres Vedras :$gTipografia «A União», Lda.) 215 ## $a1 cartaz$ccolor.$d64,5x42,5 cm 317 ## $aColeção Madeira Luís 710 02 $aTorneio Internacional Ginástica Desportiva Juvenil de Torres Vedras,$d2,$f1982$31993279 712 02 $aAssociação de Educação Física e Desportiva de Torres Vedras$32026 801 #0 $aPT$bBN$gRPC 966 ## $lBN$mICONOG$sCT. 21574 A.$x3 971 ## $cCaticonografia6$d20260223 995 ## $aPRR2026 $d20260223$iCaticonografia6
|
|
|